000 00700nab a2200205 a 4500
005 20210219155204.0
008 991125s1985 mx 000 0 spa u
035 _aUPN01000140200
100 1 _aGómez, Viviana
222 _aCULTURA Y EDUCACION : REVISTA DE TEORIA, INVESTIGACION Y PRACTICA
245 _aActitudes de los estudiantes de educación hacia la integración de personas con discapacidad y hacia la educación multicultural
260 _aMadrid, España
300 _a371-383
362 0 _a2004 Vol. 16, no. 4, dic.
653 0 _aDISCAPACITADOS
653 0 _aEDUCACION MULTICULTURAL
653 0 _aINTEGRACION ESCOLAR
700 0 _aInfante, Marta,
_ecoaut.
905 _aArticulo
999 _c112348
_d112348